<?xml version="1.0" encoding="UTF-8"?>
<record
    xmlns:xsi="http://www.w3.org/2001/XMLSchema-instance"
    xsi:schemaLocation="http://www.loc.gov/MARC21/slim http://www.loc.gov/standards/marcxml/schema/MARC21slim.xsd"
    xmlns="http://www.loc.gov/MARC21/slim">

  <leader>01284cam a22002895a 4500</leader>
  <datafield tag="999" ind1=" " ind2=" ">
    <subfield code="c">23733</subfield>
    <subfield code="d">23705</subfield>
  </datafield>
  <controlfield tag="001">ocm78072070</controlfield>
  <controlfield tag="003">OSt</controlfield>
  <controlfield tag="005">20201203143857.0</controlfield>
  <controlfield tag="008">070110t2007    ilua   frb    001 0 eng d</controlfield>
  <datafield tag="020" ind1=" " ind2=" ">
    <subfield code="a">9780867154634</subfield>
  </datafield>
  <datafield tag="020" ind1=" " ind2=" ">
    <subfield code="a">0867154632</subfield>
  </datafield>
  <datafield tag="040" ind1=" " ind2=" ">
    <subfield code="a">DNLM/DLC</subfield>
    <subfield code="c">DLC</subfield>
    <subfield code="d">BTCTA</subfield>
    <subfield code="d">NLM</subfield>
    <subfield code="d">EG-ScBUE</subfield>
    <subfield code="b">eng</subfield>
  </datafield>
  <datafield tag="082" ind1="0" ind2="4">
    <subfield code="a">617.605</subfield>
    <subfield code="b">DEC</subfield>
    <subfield code="2">22</subfield>
  </datafield>
  <datafield tag="245" ind1="0" ind2="0">
    <subfield code="a">Decision making in oral and maxillofacial surgery /</subfield>
    <subfield code="c">edited by Daniel M. Laskin, A. Omar Abubaker.</subfield>
  </datafield>
  <datafield tag="260" ind1=" " ind2=" ">
    <subfield code="a">Chicago :</subfield>
    <subfield code="b">Quintessence Publishing Co.,</subfield>
    <subfield code="c">c.2007.</subfield>
  </datafield>
  <datafield tag="300" ind1=" " ind2=" ">
    <subfield code="a">xi, 267 p. :</subfield>
    <subfield code="b">ill ;</subfield>
    <subfield code="c">21 x 30 cm.</subfield>
  </datafield>
  <datafield tag="504" ind1=" " ind2=" ">
    <subfield code="a">Includes bibliographical references and index.</subfield>
  </datafield>
  <datafield tag="505" ind1="0" ind2=" ">
    <subfield code="a">Dentoalveolar pathology -- Cysts -- Tumors and other lesions -- Trauma -- Dentofacial deformities -- Bone infection and necrosis -- Maxillary sinus pathology -- TMDs and orofacial pain -- Salivary gland pathology -- Maxillofacial reconstruction -- Sleep disorders -- Cleft lip and palate -- Diagnostic decision making -- General considerations.</subfield>
  </datafield>
  <datafield tag="650" ind1=" " ind2="7">
    <subfield code="a">Mouth</subfield>
    <subfield code="x">Surgery.</subfield>
    <subfield code="2">BUEsh</subfield>
    <subfield code="9">36856</subfield>
  </datafield>
  <datafield tag="650" ind1=" " ind2="7">
    <subfield code="a">Maxilla</subfield>
    <subfield code="x">Surgery.</subfield>
    <subfield code="2">BUEsh</subfield>
    <subfield code="9">35959</subfield>
  </datafield>
  <datafield tag="650" ind1=" " ind2="7">
    <subfield code="a">Decision making.</subfield>
    <subfield code="2">BUEsh</subfield>
    <subfield code="9">12112</subfield>
  </datafield>
  <datafield tag="651" ind1=" " ind2=" ">
    <subfield code="2">BUEsh</subfield>
  </datafield>
  <datafield tag="653" ind1=" " ind2=" ">
    <subfield code="c">December2016</subfield>
  </datafield>
  <datafield tag="700" ind1="1" ind2=" ">
    <subfield code="a">Laskin, Daniel M.,</subfield>
    <subfield code="d">1924-</subfield>
    <subfield code="e">editor.</subfield>
  </datafield>
  <datafield tag="700" ind1="1" ind2=" ">
    <subfield code="a">Abubaker, A. Omar,</subfield>
    <subfield code="e">editor.</subfield>
  </datafield>
  <datafield tag="942" ind1=" " ind2=" ">
    <subfield code="2">ddc</subfield>
  </datafield>
  <datafield tag="952" ind1=" " ind2=" ">
    <subfield code="0">0</subfield>
    <subfield code="1">0</subfield>
    <subfield code="2">ddc</subfield>
    <subfield code="4">0</subfield>
    <subfield code="7">0</subfield>
    <subfield code="8">Scien. H.</subfield>
    <subfield code="a">MAIN</subfield>
    <subfield code="b">MAIN</subfield>
    <subfield code="c">1ST</subfield>
    <subfield code="d">2016-12-25</subfield>
    <subfield code="e">Purchase</subfield>
    <subfield code="g">1200.00</subfield>
    <subfield code="h">2689</subfield>
    <subfield code="l">2</subfield>
    <subfield code="m">1</subfield>
    <subfield code="o">617.605 DEC</subfield>
    <subfield code="p">000040641</subfield>
    <subfield code="r">2025-07-15 00:00:00</subfield>
    <subfield code="s">2018-02-18</subfield>
    <subfield code="v">1500.00</subfield>
    <subfield code="y">BB</subfield>
  </datafield>
</record>
